| 000 | 00747nam a2200241 a 4500 | ||
|---|---|---|---|
| 001 | 82127 | ||
| 003 | BD-RjUL | ||
| 005 | 20231016151534.0 | ||
| 008 | 231016s2020 ii 000 0 eng d | ||
| 020 | _a9789353941895 | ||
| 035 | _a(BD-RjUL)82127 | ||
| 040 |
_aIDC _beng _cBD-RjUL _dBD-RjUL |
||
| 041 | _aeng | ||
| 082 | 0 | 0 |
_223 _a647.94068 _bWAI 2020 |
| 100 | 1 |
_aWalker, John R., _d1944- _99583 |
|
| 245 | 1 | 0 |
_aIntroduction to hospitality / _cJohn R. Walker. |
| 250 | _a7th ed. | ||
| 260 |
_aUttar Pradesh : _bPearson India Education Services Pvt., _cc2020. |
||
| 300 |
_a653 p. : _bill. ; _c26 cm. |
||
| 504 | _aIncludes bibliographical references and index. | ||
| 650 | 4 |
_aHospitality industry _xManagement _vTextbooks. _99584 |
|
| 942 |
_2ddc _cBK |
||
| 999 |
_c82127 _d82127 |
||